• 首页
  • 本馆介绍
  • 公告通知
  • 最新文献
  • 馆藏检索
  • 电子资源
  • 读者导购
  • 参考咨询
  • 我的图书馆
  • 登录
  • 详细信息显示
  • 放入我的书架
  • 预约/预借图书
  • 作者相关作品
  • 分类相关作品
  • 丛书相关作品
  • 出版社相关作品

书目信息

  • 表格格式
  • 工作单格式
  • 卡片格式
题名:
教师如何远离亚健康
    
 
作者: ;北京未来新世纪教育科学发展中心 编
分册:  
出版信息: 成都   电子科技大学出版社  2008
页数: 231页
开本: 23cm
丛书名:
单 册:
中图分类: G478.2
科图分类:
主题词: 教师--保健--基本知识 , 保健
电子资源:
ISBN: 978-7-81114-977-7
000 00946nam0 2200253 45
001 1129218531
005 20110420101044.09
010    @a978-7-81114-977-7@dCNY27.00
100    @a20110414d2008 em y0chiy0121 ea
101 0  @achi
102    @aCN@b510000
105    @aak z 000yy
106    @ar
200 1  @a教师如何远离亚健康@AJiao Shi Ru He Yuan Li Ya Jian Kang@f北京未来新世纪教育科学发展中心编@FBei Jing Wei Lai Xin Shi Ji Jiao Yu Ke Xue Fa Zhan Zhong Xin Bian
210    @a成都@c电子科技大学出版社@d2008
215    @a231页@c图@d23cm
300    @a教师如何远离亚健康
330    @a本书主要内容包括解读亚健康、教师与亚健康的亲密接触、如何才能远离亚健康、彻底和亚健康说拜拜等。
606 0  @a教师@x保健@x基本知识
606 0  @a保健
690    @aG478.2@v4
711 02 @a北京未来新世纪教育科学发展中心@ABei Jing Wei Lai Xin Shi Ji Jiao Yu Ke Xue Fa Zhan Zhong Xin@4编
801  0 @aCN@bTANGWEI@c20110420
905    @b0537273-77@dG478.2@e81@f5
    
    教师如何远离亚健康/北京未来新世纪教育科学发展中心编.-成都:电子科技大学出版社,2008
    231页:图;23cm
    教师如何远离亚健康
    
    ISBN 978-7-81114-977-7:CNY27.00
    本书主要内容包括解读亚健康、教师与亚健康的亲密接触、如何才能远离亚健康、彻底和亚健康说拜拜等。
●
相关链接 在E读中查询图书 在五车中查询图书 在当当中查询图书 在豆瓣中查询图书


正题名:教师如何远离亚健康     索取号:G478.2/81         预约/预借

序号 登录号 条形码 馆藏地/架位号 状态 备注
1 0537273   205372737   第一样本阅览室/ [索取号:G478.2/81] 在馆    
2 0537274   205372746   第四借阅区/ [索取号:G478.2/81] 在馆    
3 0537275   205372755   第四借阅区/ [索取号:G478.2/81] 在馆    
4 0537276   205372764   第四借阅区/ [索取号:G478.2/81] 在馆    
5 0537277   205372773   第四借阅区/ [索取号:G478.2/81] 在馆    
唐山师范学院图书馆 欢迎您!
大连网信软件有限公司© 版权所有